000 01525nam a2200349Ia 4500
001 ebr10277719
003 CaPaEBR
006 m u
007 cr cn|||||||||
008 030711s2004 miu sb 001 0 eng d
010 _z 2003015703
020 _z0472113607 (cloth : alk. paper)
020 _z9780472031382
040 _aCaPaEBR
_cCaPaEBR
035 _a(OCoLC)606222536
050 1 4 _aDD78.B55
_bC36 2004eb
100 1 _aCampt, Tina,
_d1964-
245 1 0 _aOther Germans
_h[electronic resource] :
_bBlack Germans and the politics of race, gender, and memory in the Third Reich /
_cTina Campt.
260 _aAnn Arbor :
_bUniversity of Michigan,
_cc2004.
300 _ax, 283 p.
490 1 _aSocial history, popular culture, and politics in Germany
504 _aIncludes bibliographical references (p. 263-273) and index.
533 _aElectronic reproduction.
_bPalo Alto, Calif. :
_cebrary,
_d2011.
_nAvailable via World Wide Web.
_nAccess may be limited to ebrary affiliated libraries.
650 0 _aAfricans
_zGermany
_xHistory
_y1939-1945.
650 0 _aBlacks
_xRace identity
_zGermany
_xHistory
_y1939-1945.
650 0 _aWorld War, 1939-1945
_xBlacks
_zGermany.
651 0 _aGermany
_xRace relations
_xPolitical aspects.
655 7 _aElectronic books.
_2local
710 2 _aebrary, Inc.
830 0 _aSocial history, popular culture, and politics in Germany.
856 4 0 _uhttp://site.ebrary.com/lib/rucke/Doc?id=10277719
_zAn electronic book accessible through the World Wide Web; click to view
999 _c20399
_d20399